[Event "Foz do Iguacu op 7th"]
[Site "Foz do Iguacu"]
[Date "2017.06.17"]
[Round "4"]
[White "Braga, Camila Ferreira"]
[Black "Mendonca Campelo, Higor Carlos"]
[Result "0-1"]
[WhiteElo "1281"]
[BlackElo "2124"]
[PlyCount "62"]
[EventDate "2017.06.16"]
[EventType "swiss"]
[EventRounds "6"]
[EventCountry "BRA"]
[SourceTitle "EXT 2018"]
[Source "ChessBase"]
[SourceDate "2017.10.13"]
[SourceVersion "1"]
[SourceVersionDate "2017.10.13"]
[SourceQuality "1"]

1. d4 Nf6 2. c4 g6 3. Nc3 Bg7 4. Bg5 d5 5. e3 0-0 6. Nf3 Ne4 7. Nxe4 dxe4 8. Nd2 c5 9. Nb3 cxd4 10. exd4 Nc6 11. Be3 f5 12. Qd2 a5 13. a4 Qc7 14. g3 Rd8 15. Bg2 Ne5 16. c5 Nd3+ 17. Ke2 e5 18. dxe5 Nf4+ 19. gxf4 Rxd2+ 20. Nxd2 Be6 21. Rac1 g5 22. f3 gxf4 23. Bxf4 Bxe5 24. Bxe5 Qxe5 25. fxe4 fxe4 26. Bxe4 Rd8 27. Rhg1+ Kh8 28. Rgf1 Qxh2+ 29. Rf2 Rxd2+ 30. Kxd2 Qxf2+ 31. Kc3 Qe3+ 0-1

[Event "Foz do Iguacu op 7th"]
[Site "Foz do Iguacu"]
[Date "2017.06.17"]
[Round "3"]
[White "Mendonca Campelo, Higor Carlos"]
[Black "Britez, G Jorge A"]
[Result "1-0"]
[WhiteElo "2124"]
[BlackElo "1805"]
[PlyCount "41"]
[EventDate "2017.06.16"]
[EventType "swiss"]
[EventRounds "6"]
[EventCountry "BRA"]
[SourceTitle "EXT 2018"]
[Source "ChessBase"]
[SourceDate "2017.10.13"]
[SourceVersion "1"]
[SourceVersionDate "2017.10.13"]
[SourceQuality "1"]

1. e4 c6 2. d4 d5 3. exd5 cxd5 4. c4 Nf6 5. Nc3 Nc6 6. Bg5 dxc4 7. Bxc4 h6 8. Bxf6 gxf6 9. Nf3 e6 10. 0-0 Bg7 11. Re1 0-0 12. Qd2 Ne7 13. Rac1 Bd7 14. d5 e5 15. Bb3 Nf5 16. Ne4 Bb5 17. Qd4 Ba6 18. g4 Ne7 19. Rcd1 Qd7 20. Nc5 Qb5 21. Nxa6 1-0

[Event "Foz do Iguacu op 3rd"]
[Site "Foz do Iguacu"]
[Date "2015.12.13"]
[Round "6"]
[White "Mendonca Campelo, Higor Carlos"]
[Black "Nunes, Sidney Jr"]
[Result "1/2-1/2"]
[WhiteElo "2122"]
[BlackElo "2051"]
[PlyCount "42"]
[EventDate "2015.12.11"]
[EventType "swiss"]
[EventRounds "6"]
[EventCountry "BRA"]
[SourceTitle "EXT 2017"]
[Source "ChessBase"]
[SourceDate "2016.10.25"]
[SourceVersion "1"]
[SourceVersionDate "2016.10.25"]
[SourceQuality "1"]

1. e4 e5 2. Nf3 Nc6 3. Nc3 Bb4 4. d4 exd4 5. Nxd4 Nf6 6. Nxc6 bxc6 7. Bd3 d5 8. exd5 cxd5 9. 0-0 0-0 10. Bg5 Be7 11. Bxf6 Bxf6 12. Nxd5 Bxb2 13. Rb1 Bf6 14. Qh5 h6 15. Be4 c6 16. Nb4 Be6 17. Nxc6 Qc7 18. Rfd1 Rac8 19. a4 Rfe8 20. Bf3 Bd7 21. Nb4 Be5 1/2-1/2

[Event "Foz do Iguacu op 3rd"]
[Site "Foz do Iguacu"]
[Date "2015.12.13"]
[Round "5"]
[White "Mendonca Campelo, Higor Carlos"]
[Black "Osipi, Jair"]
[Result "1/2-1/2"]
[WhiteElo "2122"]
[BlackElo "2194"]
[PlyCount "121"]
[EventDate "2015.12.11"]
[EventType "swiss"]
[EventRounds "6"]
[EventCountry "BRA"]
[SourceTitle "EXT 2017"]
[Source "ChessBase"]
[SourceDate "2016.10.25"]
[SourceVersion "1"]
[SourceVersionDate "2016.10.25"]
[SourceQuality "1"]

1. e4 c5 2. Nf3 Nc6 3. d4 cxd4 4. Nxd4 Nf6 5. Nc3 e5 6. Ndb5 d6 7. Bg5 a6 8. Na3 b5 9. Nd5 Be7 10. Bxf6 Bxf6 11. c4 b4 12. Nc2 a5 13. Qf3 Bg5 14. Rd1 Bd7 15. h4 Bxh4 16. g3 Bg5 17. Bh3 Ra7 18. Qh5 h6 19. f4 exf4 20. gxf4 g6 21. Qf3 Bf6 22. Kf2 Kf8 23. Nxf6 Qxf6 24. Bxd7 Rxd7 25. e5 Nxe5 26. fxe5 Qxe5 27. Nd4 Kg7 28. Qe3 Qf6+ 29. Kg2 Re7 30. Qg3 Re4 31. Rhf1 Qg5 32. Qxg5 hxg5 33. b3 Rhh4 34. Nf3 Rhg4+ 35. Kf2 Rgf4 36. Kg3 Rg4+ 37. Kh3 Rgf4 38. Nh2 Re3+ 39. Kg2 Re2+ 40. Kg1 Rxa2 41. Rxd6 a4 42. Rxf4 gxf4 43. bxa4 b3 44. Rb6 b2 45. Nf1 Rxa4 46. Nd2 Ra2 47. c5 Kf8 48. Kf1 g5 49. c6 Ke7 50. Ke2 Kd6 51. Kd1 Ke7 52. Rb7+ Ke6 53. Rxf7 Kd6 54. Rf5 b1Q+ 55. Nxb1 Rg2 56. Nc3 Ke6 57. Rf8 Ke5 58. Ke1 g4 59. Re8+ Kf5 60. Rf8+ Ke5 61. Re8+ 1/2-1/2

[Event "Foz do Iguacu op 3rd"]
[Site "Foz do Iguacu"]
[Date "2015.12.12"]
[Round "4"]
[White "Brandao, Renan Alves"]
[Black "Mendonca Campelo, Higor Carlos"]
[Result "1/2-1/2"]
[WhiteElo "2114"]
[BlackElo "2122"]
[PlyCount "22"]
[EventDate "2015.12.11"]
[EventType "swiss"]
[EventRounds "6"]
[EventCountry "BRA"]
[SourceTitle "EXT 2017"]
[Source "ChessBase"]
[SourceDate "2016.10.25"]
[SourceVersion "1"]
[SourceVersionDate "2016.10.25"]
[SourceQuality "1"]

1. c4 Nf6 2. Nc3 d5 3. cxd5 Nxd5 4. g3 g6 5. Bg2 Nb6 6. Nf3 Bg7 7. 0-0 0-0 8. d3 Nc6 9. Be3 e5 10. Rb1 a5 11. a3 f5 1/2-1/2

[Event "Foz do Iguacu op 3rd"]
[Site "Foz do Iguacu"]
[Date "2015.12.11"]
[Round "2"]
[White "Farhat, Ali Abdallah"]
[Black "Mendonca Campelo, Higor Carlos"]
[Result "0-1"]
[WhiteElo "1724"]
[BlackElo "2122"]
[PlyCount "96"]
[EventDate "2015.12.11"]
[EventType "swiss"]
[EventRounds "6"]
[EventCountry "BRA"]
[SourceTitle "EXT 2017"]
[Source "ChessBase"]
[SourceDate "2016.10.25"]
[SourceVersion "1"]
[SourceVersionDate "2016.10.25"]
[SourceQuality "1"]

1. d4 Nf6 2. c4 g6 3. Nc3 d5 4. cxd5 Nxd5 5. e4 Nxc3 6. bxc3 Bg7 7. Bc4 c5 8. Ne2 0-0 9. 0-0 Nc6 10. Be3 Qc7 11. f3 Rd8 12. d5 Na5 13. Bb3 c4 14. Bc2 e6 15. Bf4 Qc5+ 16. Kh1 exd5 17. Qd2 Nc6 18. Rad1 Be6 19. exd5 Rxd5 20. Qc1 Rad8 21. Be3 Qa5 22. Qb2 b5 23. Rxd5 Bxd5 24. Rd1 b4 25. Bd2 b3 26. axb3 cxb3 27. Bxb3 Qb6 28. Nc1 Rb8 29. Re1 Bxb3 30. Qxb3 Qxb3 31. Nxb3 Rxb3 32. Re8+ Bf8 33. h3 Rb8 34. Re4 Bd6 35. Kg1 a5 36. Bh6 f5 37. Re6 Bg3 38. Kf1 Ne5 39. Rf6 Nf7 40. Bd2 Rb2 41. Ke2 Bf4 42. c4 Rxd2+ 43. Ke1 Ne5 44. Rf8+ Kxf8 45. g3 Nd3+ 46. Kf1 Bxg3 47. h4 Nf4 48. h5 Rd1# 0-1

[Event "Matinhos Caioba op"]
[Site "Matinhos"]
[Date "2015.08.15"]
[Round "3"]
[White "Choma, Ernani Francisco"]
[Black "Mendonca Campelo, Higor Carlos"]
[Result "1/2-1/2"]
[WhiteElo "2347"]
[BlackElo "2129"]
[PlyCount "65"]
[EventDate "2015.08.14"]
[EventType "swiss"]
[EventRounds "6"]
[EventCountry "BRA"]
[SourceTitle "EXT 2016"]
[Source "ChessBase"]
[SourceDate "2015.10.08"]
[SourceVersion "1"]
[SourceVersionDate "2015.10.08"]
[SourceQuality "1"]

1. Nf3 Nf6 2. c4 g6 3. b3 Bg7 4. Bb2 0-0 5. g3 d5 6. Bg2 Nc6 7. 0-0 d4 8. b4 d3 9. exd3 Nxb4 10. d4 Bf5 11. Na3 c6 12. Bc3 a5 13. Qb3 Qd6 14. Rfe1 Nd3 15. c5 Qc7 16. Re2 Nd5 17. Nc4 a4 18. Qa3 N3f4 19. gxf4 Bd3 20. Ba5 Rxa5 21. Qxd3 Nxf4 22. Qe4 Rxc5 23. dxc5 Nxe2+ 24. Qxe2 Bxa1 25. Qd1 Qf4 26. Qxa4 Rd8 27. Qa5 Rd3 28. Ne3 Kg7 29. Qb6 Rd7 30. Qb3 Bd4 31. Qc2 h5 32. a4 Bf6 33. Nc4 1/2-1/2

[Event "Curitiba Sul Regional-ch"]
[Site "Curitiba"]
[Date "2015.07.12"]
[Round "6"]
[White "Mendonca Campelo, Higor Carlos"]
[Black "Delgado, Lidio Dias"]
[Result "1/2-1/2"]
[WhiteElo "2127"]
[BlackElo "2259"]
[PlyCount "23"]
[EventDate "2015.07.10"]
[EventType "swiss"]
[EventRounds "6"]
[EventCountry "BRA"]
[SourceTitle "EXT 2016"]
[Source "ChessBase"]
[SourceDate "2015.10.08"]
[SourceVersion "1"]
[SourceVersionDate "2015.10.08"]
[SourceQuality "1"]

1. e4 e6 2. d3 d5 3. Nd2 c5 4. Ngf3 Nc6 5. g3 Bd6 6. Bg2 Nge7 7. 0-0 0-0 8. Nh4 Bc7 9. f4 dxe4 10. Nxe4 Nf5 11. Nxf5 exf5 12. Nc3 1/2-1/2

[Event "Curitiba Sul Regional-ch"]
[Site "Curitiba"]
[Date "2015.07.12"]
[Round "5"]
[White "Mendonca Campelo, Higor Carlos"]
[Black "Zimmermann, Kleber Renato P"]
[Result "1-0"]
[WhiteElo "2127"]
[BlackElo "1968"]
[PlyCount "88"]
[EventDate "2015.07.10"]
[EventType "swiss"]
[EventRounds "6"]
[EventCountry "BRA"]
[SourceTitle "EXT 2016"]
[Source "ChessBase"]
[SourceDate "2015.10.08"]
[SourceVersion "1"]
[SourceVersionDate "2015.10.08"]
[SourceQuality "1"]

1. e4 c5 2. Nf3 d6 3. d4 cxd4 4. Nxd4 Nf6 5. Nc3 a6 6. f3 e5 7. Nb3 Be6 8. Be3 Nbd7 9. Qd2 b5 10. 0-0-0 Be7 11. g4 Nb6 12. Kb1 Nc4 13. Bxc4 bxc4 14. Nc1 0-0 15. g5 Nd7 16. h4 Qc7 17. N1e2 Rab8 18. Ka1 Qb7 19. Rb1 Rfc8 20. h5 Nf8 21. Rhg1 a5 22. f4 g6 23. Nd5 Bxd5 24. exd5 exf4 25. Bxf4 Nd7 26. Nc3 Bf8 27. hxg6 fxg6 28. Rh1 Ne5 29. Bxe5 dxe5 30. Ne4 Bg7 31. Nd6 Qd7 32. Nxc8 Rxc8 33. c3 a4 34. a3 Bf8 35. Rh4 Rc5 36. Rd1 Bd6 37. Rdh1 h5 38. gxh6 Kh7 39. Rg1 Be7 40. Qc2 Qe8 41. Rhg4 Rxd5 42. Rxg6 Rd3 43. Rg7+ Kh8 44. Qg2 Rd8 1-0

[Event "Curitiba Sul Regional-ch"]
[Site "Curitiba"]
[Date "2015.07.10"]
[Round "2"]
[White "Mendes, Rodrigo Machado"]
[Black "Mendonca Campelo, Higor Carlos"]
[Result "0-1"]
[WhiteElo "1919"]
[BlackElo "2127"]
[PlyCount "78"]
[EventDate "2015.07.10"]
[EventType "swiss"]
[EventRounds "6"]
[EventCountry "BRA"]
[SourceTitle "EXT 2016"]
[Source "ChessBase"]
[SourceDate "2015.10.08"]
[SourceVersion "1"]
[SourceVersionDate "2015.10.08"]
[SourceQuality "1"]

1. c4 Nf6 2. g3 d5 3. cxd5 Nxd5 4. Bg2 g6 5. Nf3 Bg7 6. 0-0 0-0 7. Nc3 Nc6 8. a3 a5 9. Qc2 Nb6 10. b3 e5 11. d3 f5 12. Be3 Nd4 13. Bxd4 exd4 14. Nb1 Re8 15. Re1 Kh8 16. Nfd2 Nd5 17. Nc4 Ra6 18. a4 Nb4 19. Qd2 Bf8 20. Nba3 c6 21. Rac1 Nd5 22. Qb2 Bg7 23. h4 Nc3 24. Nb1 b5 25. axb5 cxb5 26. Nca3 Rae6 27. Rc2 f4 28. gxf4 Qxh4 29. Nxc3 dxc3 30. Qc1 b4 31. Nc4 Bh6 32. Qa1 Bxf4 33. Qxa5 Rf6 34. e3 Bh2+ 35. Kh1 Ref8 36. Ree2 Bg4 37. f4 Bxe2 38. Rxe2 Rxf4 39. exf4 Bxf4+ 0-1

[Event "Foz do Iguacu op 5th"]
[Site "Foz do Iguacu"]
[Date "2015.06.05"]
[Round "1"]
[White "Mendonca Campelo, Higor Carlos"]
[Black "Silva, Luis Gustavo"]
[Result "1-0"]
[WhiteElo "2127"]
[BlackElo "1895"]
[PlyCount "40"]
[EventDate "2015.06.05"]
[EventType "swiss"]
[EventRounds "6"]
[EventCountry "BRA"]
[SourceTitle "CBM 166 Extra"]
[Source "ChessBase"]
[SourceDate "2015.06.18"]
[SourceVersion "1"]
[SourceVersionDate "2015.06.18"]
[SourceQuality "1"]

1. e4 a6 2. d4 b5 3. Nc3 Bb7 4. Bd3 e6 5. Be3 Nf6 6. f3 Bb4 7. Qd2 Qe7 8. a4 c6 9. Nge2 0-0 10. 0-0 h6 11. e5 Nd5 12. Nxd5 exd5 13. c3 Ba5 14. Ng3 g5 15. Nf5 Qe6 16. Bxg5 Bd8 17. Nxh6+ Kh8 18. Bxd8 Rxd8 19. Nxf7+ Qxf7 20. Qh6+ Kg8 1-0

[Event "Botafogo Fexerj op"]
[Site "Botafogo"]
[Date "2015.01.25"]
[Round "5"]
[White "Rodrigues, Nei Jorge"]
[Black "Mendonca Campelo, Higor Carlos"]
[Result "1/2-1/2"]
[WhiteElo "1977"]
[BlackElo "2119"]
[PlyCount "48"]
[EventDate "2015.01.23"]
[EventType "swiss"]
[EventRounds "6"]
[EventCountry "BRA"]
[SourceTitle "CBM 164 Extra"]
[Source "ChessBase"]
[SourceDate "2015.03.02"]
[SourceVersion "1"]
[SourceVersionDate "2015.03.02"]
[SourceQuality "1"]

1. Nf3 Nf6 2. g3 g6 3. Bg2 Bg7 4. 0-0 d5 5. d3 0-0 6. Nbd2 c5 7. c4 Nc6 8. cxd5 Nxd5 9. Nc4 h6 10. a3 e5 11. Nfd2 Be6 12. Ne4 Qe7 13. Bd2 Rfd8 14. Rc1 Rac8 15. Na5 Nd4 16. e3 Nf5 17. Nxc5 b6 18. Nxe6 Qxe6 19. Nc6 Rxc6 20. Rxc6 Qxc6 21. e4 Nfe7 22. exd5 Nxd5 23. Qb3 Qd6 24. Rd1 Nc7 1/2-1/2

[Event "Botafogo Fexerj op"]
[Site "Botafogo"]
[Date "2015.01.24"]
[Round "3"]
[White "De Melo Barbosa, Eduardo Galvao"]
[Black "Mendonca Campelo, Higor Carlos"]
[Result "0-1"]
[WhiteElo "1813"]
[BlackElo "2119"]
[PlyCount "58"]
[EventDate "2015.01.23"]
[EventType "swiss"]
[EventRounds "6"]
[EventCountry "BRA"]
[SourceTitle "CBM 164 Extra"]
[Source "ChessBase"]
[SourceDate "2015.03.02"]
[SourceVersion "1"]
[SourceVersionDate "2015.03.02"]
[SourceQuality "1"]

1. d4 Nf6 2. Nf3 d5 3. Bf4 c5 4. c3 Nc6 5. e3 Bf5 6. Qb3 Qb6 7. dxc5 Qxb3 8. axb3 Nh5 9. Bb5 f6 10. Nd4 Bd7 11. Bxc6 bxc6 12. Bc7 e5 13. Nc2 Bxc5 14. b4 Be7 15. h3 g5 16. g4 Ng7 17. Bb6 a6 18. Bc5 h5 19. Rg1 hxg4 20. hxg4 Rh4 21. Bxe7 Kxe7 22. Ra5 Bxg4 23. b5 Bf5 24. Nb4 Bxb1 25. Rxa6 Rxa6 26. bxa6 Kd6 27. Ke2 Bf5 28. a7 Rh8 29. Ra1 Ra8 0-1

[Event "Botafogo Fexerj op"]
[Site "Botafogo"]
[Date "2015.01.23"]
[Round "1"]
[White "Cifuentes Goncalves, Luiz Osvaldo"]
[Black "Mendonca Campelo, Higor Carlos"]
[Result "0-1"]
[WhiteElo "1639"]
[BlackElo "2119"]
[PlyCount "48"]
[EventDate "2015.01.23"]
[EventType "swiss"]
[EventRounds "6"]
[EventCountry "BRA"]
[SourceTitle "CBM 164 Extra"]
[Source "ChessBase"]
[SourceDate "2015.03.02"]
[SourceVersion "1"]
[SourceVersionDate "2015.03.02"]
[SourceQuality "1"]

1. d4 Nf6 2. c4 g6 3. Nc3 d5 4. cxd5 Nxd5 5. e4 Nxc3 6. bxc3 Bg7 7. Bc4 0-0 8. Ne2 c5 9. Be3 Nc6 10. 0-0 Qc7 11. Rc1 Rd8 12. d5 Na5 13. Qa4 Nxc4 14. Qxc4 b6 15. h3 e6 16. Bf4 Be5 17. Bxe5 Qxe5 18. Rfd1 exd5 19. Rxd5 Be6 20. Rxd8+ Rxd8 21. Qa4 Rd2 22. f4 Qh5 23. Ng3 Qh4 24. Nf1 Qf2+ 0-1

[Event "Florianopolis op"]
[Site "Florianopolis"]
[Date "2015.01.14"]
[Round "1"]
[White "Mendonca Campelo, Higor Carlos"]
[Black "Costa, Edvaldo da Cruz"]
[Result "1-0"]
[WhiteElo "2119"]
[BlackElo "1649"]
[PlyCount "75"]
[EventDate "2015.01.14"]
[EventType "swiss"]
[EventRounds "10"]
[EventCountry "BRA"]
[SourceTitle "CBM 164 Extra"]
[Source "ChessBase"]
[SourceDate "2015.03.02"]
[SourceVersion "1"]
[SourceVersionDate "2015.03.02"]
[SourceQuality "1"]

1. e4 e6 2. d3 d5 3. Nd2 c5 4. Ngf3 Nc6 5. g3 Nf6 6. Bg2 Be7 7. 0-0 0-0 8. e5 Ng4 9. Re1 Qc7 10. Qe2 Nh6 11. Nf1 Nf5 12. c3 g6 13. g4 Ng7 14. Bf4 b6 15. Ng3 Bb7 16. g5 Nf5 17. h4 Nxg3 18. fxg3 d4 19. c4 Rfe8 20. Nh2 Bf8 21. Ng4 Bg7 22. Nf6+ Bxf6 23. gxf6 Nb8 24. Qg4 Bxg2 25. Kxg2 Kh8 26. Rh1 Nc6 27. Qg5 Qb7 28. Kf2 Nb4 29. Rhd1 Nc2 30. Rac1 Nb4 31. a3 Nc6 32. h5 Rg8 33. Rh1 a6 34. Rh2 Ra7 35. Rch1 Qa8 36. hxg6 fxg6 37. Rxh7+ Rxh7 38. Rxh7+ 1-0

[Event "Maringa op 4th"]
[Site "Maringa"]
[Date "2014.08.21"]
[Round "3"]
[White "Mendonca Campelo, Higor Carlos"]
[Black "Quintiliano Pinto, Renato Rodrigues"]
[Result "1-0"]
[WhiteElo "2095"]
[BlackElo "2370"]
[PlyCount "131"]
[EventDate "2014.08.20"]
[EventType "swiss"]
[EventRounds "9"]
[EventCountry "BRA"]
[SourceTitle "EXT 2015"]
[Source "ChessBase"]
[SourceDate "2014.11.20"]
[SourceVersion "1"]
[SourceVersionDate "2014.11.20"]
[SourceQuality "1"]

1. e4 c5 2. Nf3 d6 3. d4 cxd4 4. Nxd4 Nf6 5. Nc3 a6 6. f3 e5 7. Nb3 Be6 8. Be3 Be7 9. Qd2 0-0 10. 0-0-0 a5 11. Kb1 a4 12. Nc1 a3 13. b3 Qc8 14. g4 d5 15. Nxd5 Bxd5 16. exd5 Rd8 17. c4 Na6 18. g5 Ne8 19. Bd3 Nc5 20. Bc2 b5 21. Qc3 bxc4 22. Qxc4 Nd7 23. Qxc8 Raxc8 24. Ne2 Bc5 25. Bc1 Nb6 26. Be4 Nc7 27. Nc3 Bd4 28. Rd3 Na6 29. Nb5 Nb4 30. Rdd1 N6xd5 31. Bxa3 Rb8 32. Bxb4 Rxb5 33. Bxd5 Rxb4 34. Bc4 Rdb8 35. Kc2 Ra8 36. a4 Kf8 37. f4 f6 38. gxf6 gxf6 39. fxe5 fxe5 40. Rhf1+ Ke8 41. Rfe1 Kf8 42. Kd3 Ra7 43. Rf1+ Ke8 44. Rf3 Bc5 45. Ke4 Be7 46. Rd5 Raxa4 47. bxa4 Rxc4+ 48. Kxe5 Rxa4 49. Rh3 Ra7 50. Kf5 Bd8 51. Re3+ Be7 52. h4 Kf7 53. h5 Rb7 54. Rf3 Bf6 55. Rfd3 Be7 56. Rd7 Rb8 57. Re3 Re8 58. h6 Kf8 59. Rb7 Kf7 60. Rg3 Rf8 61. Rg7+ Ke8+ 62. Ke6 Bd8 63. Rxh7 Rf6+ 64. Ke5 Rf8 65. Rb8 Rg8 66. Rg7 1-0

[Event "Maringa op 2nd"]
[Site "Maringa"]
[Date "2012.08.09"]
[Round "3"]
[White "Mendonca Campelo, Higor Carlos"]
[Black "Quintiliano Pinto, Renato Rodrigues"]
[Result "1/2-1/2"]
[WhiteElo "2041"]
[BlackElo "2238"]
[PlyCount "73"]
[EventDate "2012.08.08"]
[EventType "swiss"]
[EventRounds "9"]
[EventCountry "BRA"]
[SourceTitle "CBM 149 Extra"]
[Source "ChessBase"]
[SourceDate "2012.08.24"]
[SourceVersion "1"]
[SourceVersionDate "2012.08.24"]
[SourceQuality "1"]

1. e4 c5 2. Nf3 d6 3. d4 cxd4 4. Nxd4 Nf6 5. Nc3 g6 6. Be3 Bg7 7. f3 0-0 8. Qd2 Nc6 9. 0-0-0 d5 10. exd5 Nxd5 11. Nxc6 bxc6 12. Bd4 e5 13. Bc5 Be6 14. Ne4 Rb8 15. h4 f5 16. Ng5 e4 17. b3 e3 18. Qe1 Bc3 19. Qxc3 Nxc3 20. Rxd8 Rfxd8 21. Bxe3 Bd5 22. Bxa7 Rb7 23. Bc5 h6 24. Nh3 Kh7 25. Ba6 Rbb8 26. a4 Nxa4 27. Bf2 Nc3 28. Kb2 Na4+ 29. Kc1 Rd7 30. Nf4 Bf7 31. Bd3 Nc3 32. h5 Na2+ 33. Kb2 Nb4 34. hxg6+ Bxg6 35. Be3 h5 36. Bxf5 Bxf5 37. Rxh5+ 1/2-1/2

[Event "Maranhense-ch sf"]
[Site "Sao Luis"]
[Date "2011.02.27"]
[Round "4"]
[White "Leitao, Nicolau Daulibe"]
[Black "Mendonca Campelo, Higor Carlos"]
[Result "1/2-1/2"]
[WhiteElo "2137"]
[BlackElo "2005"]
[PlyCount "24"]
[EventDate "2011.02.25"]
[EventType "swiss"]
[EventRounds "5"]
[EventCountry "BRA"]
[SourceTitle "EXT 2022"]
[Source "ChessBase"]
[SourceDate "2021.10.06"]
[SourceVersion "1"]
[SourceVersionDate "2021.10.06"]
[SourceQuality "1"]

1. d4 Nf6 2. c4 g6 3. f3 d5 4. cxd5 Nxd5 5. e4 Nb6 6. Nc3 Bg7 7. Be3 0-0 8. Qd2 Nc6 9. 0-0-0 f5 10. h4 fxe4 11. h5 gxh5 12. Rxh5 Bf5 1/2-1/2

[Event "Barrinha Calil Memorial-B"]
[Site "Barrinha"]
[Date "2009.02.24"]
[Round "9"]
[White "Cassemiro Marques, Joao Paulo"]
[Black "Mendonca Campelo, Higor Carlos"]
[Result "1/2-1/2"]
[WhiteElo "1530"]
[BlackElo "1924"]
[PlyCount "44"]
[EventDate "2009.02.20"]
[EventType "tourn"]
[EventRounds "9"]
[EventCountry "BRA"]
[SourceTitle "EXT 2022"]
[Source "ChessBase"]
[SourceDate "2021.10.06"]
[SourceVersion "1"]
[SourceVersionDate "2021.10.06"]
[SourceQuality "1"]

1. e4 e5 2. Nf3 Nc6 3. d4 exd4 4. Nxd4 Nf6 5. Nxc6 bxc6 6. e5 Qe7 7. Qe2 Nd5 8. c4 Ba6 9. b3 0-0-0 10. Bb2 Re8 11. g3 f6 12. Bg2 fxe5 13. 0-0 h5 14. Re1 Nf6 15. Qd2 Qf7 16. Bxe5 Ng4 17. Bd4 Rxe1+ 18. Qxe1 c5 19. Bb2 Bd6 20. Bd5 Re8 21. Qd2 Qg6 22. Nc3 h4 1/2-1/2

[Event "Barrinha Calil Memorial-B"]
[Site "Barrinha"]
[Date "2009.02.23"]
[Round "6"]
[White "Meirelles, Alexandre de Paula"]
[Black "Mendonca Campelo, Higor Carlos"]
[Result "1/2-1/2"]
[WhiteElo "1926"]
[BlackElo "1924"]
[PlyCount "62"]
[EventDate "2009.02.20"]
[EventType "tourn"]
[EventRounds "9"]
[EventCountry "BRA"]
[SourceTitle "EXT 2022"]
[Source "ChessBase"]
[SourceDate "2021.10.06"]
[SourceVersion "1"]
[SourceVersionDate "2021.10.06"]
[SourceQuality "1"]

1. d4 Nf6 2. c4 c5 3. d5 e6 4. g3 exd5 5. cxd5 d6 6. Bg2 g6 7. Nf3 Bg7 8. 0-0 0-0 9. Nc3 Re8 10. Nd2 Nbd7 11. Nc4 Nb6 12. Na3 Bf5 13. Re1 Ne4 14. Nxe4 Bxe4 15. Bxe4 Rxe4 16. e3 Qd7 17. Rb1 Rae8 18. b3 R4e5 19. Bb2 Rxd5 20. Qe2 Rh5 21. Bxg7 Kxg7 22. Qf3 Qh3 23. Qg2 Qxg2+ 24. Kxg2 d5 25. Red1 Rhe5 26. Rd2 Rc8 27. Rc1 Re6 28. Rdc2 Rec6 29. Nb5 Ra8 30. Rxc5 Rxc5 31. Rxc5 Rc8 1/2-1/2